000 00962nam a22002057a 4500
005 20241101140832.0
008 240531b ||||| |||| 00| 0 eng d
040 _cSSBUL
041 _aMyanmar
082 _223
_a၂၉၄.၃၄၄၃ ဉာ
_b၁၂၂၂၈ S-UOK
100 0 _aဉာဏ၊ အသျှင်။
_942511
245 1 0 _aနိဗ္ဗာန်ကိုသွား ဉာဏ်ရထား /
_cအသျှင်ဉာဏ။
260 _aမန္တလေး ၊
_bရတနာသီရိစာပုံနှိပ်တိုက်၊
_c၁၉၆၇။
264 _aမန္တလေး ၊
_bအောင်ဇေယျစာပေ၊
_c[ခုနှစ်မပါ]။
300 _a၂၉၆ စာမျက်နှာ ၊
_c၁၈ စင်တီ။
500 _aS-UOK: U Ohn Kyaw
500 _a S-SL: U San Lwin Collection S-SAT: Dr. Sai Aung Tun
650 _aဗုဒ္ဓတရားတော်
942 _2ddc
_cBK1
999 _c35173
_d35173